000 00275nam a22001217a 4500
008 171023b xxu||||| |||| 00| 0 eng d
041 _aeng
080 _a311
100 _a55
101 _aSTA
245 _aMATHEMATICAL ANALYSIS FOR ECONOMISTS
_cALLEN,R.G
942 _2udc
_cBK
999 _c35494
_d35494